00710 a2200157 4500010001400000020002300014035001300037037001500050082001300065245032400078260004400402270005600446300002200502700001400524700001400538 aENG-88160 a8120206088c500.00 aEN-71693 bDBAD / PUB14a621.38451 aEmerging technologies in mobile communications:bpapers presented at international conference on emerging technologies in mobile communications (under the aegis of Smart Cards expo-2006/e-Security Expo 2006/RFidIndia Expo 2006/India Mobile forum 2006)Sep. 6-8, 2006, New Delhi, India/cedited by S. Swarn [and] G.S. Rao aDelhibAjanta Books Internationalc2006 a1, UB Jawahar Nagar, Bunglow Road,bDelhie110 007. a130 p.c25 cm(Hb)1 aSwarn, S.1 aRao, G.S.